000 00469nam a2200181Ia 4500
003 GCL
008 140319s9999 xx 000 0 eng d
040 _aGCL /
_cGCL
082 0 4 _a170
_bH R
100 1 _aHOOG, ARMAND
245 1 0 _aLA ROCHEFOUCAULD OU LE REPENTIR DE LA LIBERTE /
_cHOOG, ARMAND
260 _a[S.N] :
_bLIBRAIRIE SOMOGY ،
_c1949
300 _a268 P
650 0 4 _aREFLEXIANS (PHILOSOPHY)
650 0 4 _aETHICS
650 0 4 _aMORAL
942 _2ddc
_cBK
999 _c12574
_d12574